000 00660cam a2200217 4500500
005 20260405001949.0
041 _afre
042 _adc
100 1 0 _aLequin, Mathilde
_eauthor
245 0 0 _aVivre sans pourquoi. Itinéraire spirituel d’un philosophe en Corée
260 _c2015.
500 _a55
690 _aAlexandre Jollien
690 _aBouddhisme
690 _aCorée
690 _aEcclésiaste
690 _améditation
690 _aZen
786 0 _nPhilosophie magazine | 87 | 3 | 2015-03-01 | p. 89-89 | 1951-1787
856 4 1 _uhttps://shs.cairn.info/magazine-philosophie-magazine-2015-3-page-89?lang=fr&redirect-ssocas=7080
999 _c2052798
_d2052798